000 00559nam a2200145Ia 4500
008 100122s9999 xx 000 0 und d
082 _b67931
_a823
100 _aअष्टीकर मंदाकिनी
245 _aबहरला वृक्ष शृंगारली वेल
260 _bनिशिगंधा प्रकाशन
_c2005
300 _a240
630 _aबहरला वृक्ष शृंगारली वेल
730 _aबहरला वृक्ष शृंगारली वेल
942 _cBOOK
999 _c439751
_d439748